Elementos básicos de administración financiera /

Gespeichert in:
Bibliographische Detailangaben
1. Verfasser: Perdomo Moreno, Abraham (autor)
Format: Buch
Sprache:Spanisch
Veröffentlicht: México : ECASA, 1985
Ausgabe:4a edición
Schlagworte:
Tags: Tag hinzufügen
Keine Tags, Fügen Sie das erste Tag hinzu!

MARC

LEADER 00000nam^a2200000^a^4500
001 000015368
005 20250521000000.0
009 20260310084019.718
020 |a 968-6014-05-0 
037 |a Acervo ITESO - Biblioteca 
041 |a ESP 
082 |a 658. 15  |b PER 
100 |a Perdomo Moreno, Abraham  |e (autor) 
245 1 0 |a Elementos básicos de administración financiera /  |c A. Perdomo Moreno. 
250 |a 4a edición 
264 1 |a México :  |b ECASA,  |c 1985 
300 |a 264 p. 
336 |a texto  |b txt  |2 rdacontenido 
337 |a sin mediación  |b n  |2 rdamedio 
338 |a volumen  |b nc  |2 rdasoporte 
649 |a XX 
650 |a Administración Financiera 
650 |a Ciencias Administrativas 
910 |a Fondo General 
920 |a Impresos - Libros 
930 |a Colección General 
905 |a 101 
901 |a 0500258688  |b IT1  |c ACC  |i D75644  |u 20250521 
902 |a https://opac.biblio.iteso.mx/vufind/Record/000015368